Statistics for Periods of English Literature

Click here to take the quiz!

General Stats

  • This quiz has been taken 33 times
  • The average score is 7 of 22

Answer Stats

PeriodsStart YearEnd Year% Correct
Anglo Norman1066d
88%
Augustan Age1700d
63%
1830d
63%
Victorian Era1830d
63%
1400d
50%
1660d
50%
Age of Transition1740d
50%
1740d
50%
Romantic Age1798d
38%
1800d
38%
Modern Age1880d
38%
1880d
38%
1050d
25%
Restoration Literature1620d
25%
The Age of Chaucer1340d
13%
1350d
13%
Renaissance1578d
13%
Anglo Saxon450d
13%
Presentd
13%
End of Renaissance1625d
0%
1625d
0%
1734d
0%

Score Distribution

Percentile by Number Answered

Percent of People with Each Score

Your Score History

You have not taken this quiz